Logo BPK

Bibliografia Prac Pracowników

Politechniki Koszalińskiej

Odcieki wysypiskowe jako potencjalne źródło zanieczyszczenia wód podziemnych / (Rekord nr 10417)

Szczegóły MARC
000 -ETYKIETA REKORDU
podpole kontrolne o stałej długości 01139naa a2200265 i 4500
001 - NUMER KONTROLNY REKORDU
podpole kontrolne 10417
003 - IDENTYFIKATOR NUMERU KONTROLNEGO REKORDU
podpole kontrolne KOSZ 005
005 - DATA OSTATNIEJ MODYFIKACJI REKORDU
podpole kontrolne 20180423093114.0
008 - POLE O STAŁEJ DŁUGOŚCI - DANE KONTROLNE
podpole kontrolne o stałej długości 180421s2007 pl a f 000 0 pol d
020 ## - MIĘDZYNARODOWY ZNORMALIZOWANY NUMER KSIĄŻKI - ISBN
ISBN 9788392091462
040 ## - ŹRÓDŁO KATALOGOWANIA
Instytucja, która utworzyła rekord KOSZ 005/HR
Instytucja, która sporządziła opis KOSZ 005/HR
041 0# - KOD JĘZYKA
Kod języka tekstu pol
Kod języka streszczenia lub abstraktu eng
080 ## - UNIWERSALNA KLASYFIKACJA DZIESIĘTNA - UKD
UKD 628.3
080 ## - UNIWERSALNA KLASYFIKACJA DZIESIĘTNA - UKD
UKD 628.4
100 10 - NAZWA OSOBOWA
Nazwa osobowa KŁACZKO, Hanna.
Instytucja Politechnika Koszalińska - Wydział Budownictwa i Inżynierii Środowiska,
Wydział Katedra Gospodarki Odpadami
245 10 - TYTUŁ/ODPOWIEDZIALNOŚĆ
Tytuł Odcieki wysypiskowe jako potencjalne źródło zanieczyszczenia wód podziemnych /
Pozostałe elementy strefy tytułu i oznaczenia odpowiedzialności Hanna Kłaczko, Kazimierz Szymański.
300 ## - STREFA OPISU FIZYCZNEGO
Objętość 366 s. :
Inne cechy fizyczne il. ;
Rozmiary 24 cm.
650 #0 - HASŁO PRZEDMIOTOWE W FORMIE NAZWY OGÓLNEJ LUB JEDNOSTKOWEJ
Nazwa ogólna lub geograficzna Odpady.
650 #0 - HASŁO PRZEDMIOTOWE W FORMIE NAZWY OGÓLNEJ LUB JEDNOSTKOWEJ
Nazwa ogólna lub geograficzna Osady ściekowe.
650 #0 - HASŁO PRZEDMIOTOWE W FORMIE NAZWY OGÓLNEJ LUB JEDNOSTKOWEJ
Nazwa ogólna lub geograficzna Ścieki.
650 #0 - HASŁO PRZEDMIOTOWE W FORMIE NAZWY OGÓLNEJ LUB JEDNOSTKOWEJ
Nazwa ogólna lub geograficzna Gospodarka komunalna.
700 1# - HASŁO DODATKOWE - NAZWA OSOBOWA
Nazwa osobowa SZYMAŃSKI, Kazimierz.
Lata pracy 1996 - .
Instytucja Politechnika Koszalińska - Wydział Budownictwa i Inżynierii Środowiska,
Wydział Katedra Gospodarki Odpadami
773 0# - TYTUŁ DOKUMENTU MACIERZYSTEGO
Wyrażenie wprowadzające W :
Tytuł Gospodarka odpadami komunalnymi : praca zbiorowa. T. 3 / pod red. Kazimierza Szymańskiego. -
Adres wydawniczy Koszalin : Wydaw. Feniks, 2007. -
Informacje dotyczące relacji s. 337-346
ISBN 9788392091462
942 ## - HASŁO DODATKOWE - ELEMENTY(KOHA)
Schemat klasyfikacji Uniwersalna klasyfikacja dziesiętna
Typ dokumentu Artykuł

Brak dostępnych egzemplarzy.

© 2014 Biblioteka Politechniki Koszalińskiej :: BIBLIOGRAFIA PRAC PRACOWNIKÓW